000 00249 a2200097 4500
001 90197
082 _a372.130782 CHA
090 _c42538
_d42538
245 _aGlant encyclopedia of theme activities for children
260 _aNew delhi
_bViva Books Pvt ltd
_c2004
942 _aNUST-CAE
999 _c325270
_d325270